| 000 | 00833cam a22002534a 4500 | ||
|---|---|---|---|
| 001 | 12956729 | ||
| 005 | 20180226033311.0 | ||
| 008 | 021003s2003 njua b 001 0 eng | ||
| 010 | _a 2002032746 | ||
| 020 | _a0691115389 (cloth : alk. paper) | ||
| 020 | _a0691115397 (paper : alk. paper) | ||
| 040 |
_aDLC _cDLC _dDLC |
||
| 041 | _aeng | ||
| 042 | _apcc | ||
| 080 | _a246 COL | ||
| 082 | 0 | 0 |
_a246 COL _221 |
| 100 | _a41 | ||
| 101 | _aART | ||
| 245 | 0 | 0 |
_aObjects, images, and the word : _cedited by Colum Hourihane. |
| 504 | _aIncludes bibliographical references and index. | ||
| 906 |
_a7 _bcbc _corignew _d1 _eocip _f20 _gy-gencatlg |
||
| 942 |
_2ddc _cBK |
||
| 999 |
_c43390 _d43390 |
||